Required Reading : Sociology's Most Influential Books /
Guardado en:
| Autor principal: | |
|---|---|
| Formato: | Libro |
| Idioma: | Inglés |
| Publicado: |
Buffalo, EUA
University of Massachusetts,
1998, c1998
Boulder, EUA : NetLibrary [distribución], 2000 |
| Temas: | |
| Acceso en línea: | Ver documento en línea |
| Etiquetas: |
Sin etiquetas, Sé el primero en etiquetar este registro!
|
MARC
| LEADER | 00000nam^a2200000^a^4500 | ||
|---|---|---|---|
| 001 | 000191988 | ||
| 005 | 20251023000000.0 | ||
| 009 | 20260310102546.841 | ||
| 020 | |a 0-5850-8329-0 | ||
| 020 | |a 1-55849-152-X | ||
| 037 | |a Acervo ITESO - Biblioteca | ||
| 041 | |a ING | ||
| 082 | |a 300. |b CLA | ||
| 100 | |a Clawson, Dan |e (ed.) | ||
| 245 | 1 | 0 | |a Required Reading : |b Sociology's Most Influential Books / |c Ed. de D. Clawson. |
| 264 | 4 | |a Buffalo, EUA |b University of Massachusetts, |c 1998, c1998 | |
| 264 | 4 | |a Boulder, EUA : |b NetLibrary [distribución], |c 2000 | |
| 300 | |a 1 libro electrónico en línea (VII, 221 p.) | ||
| 336 | |a datos para computadora |b cod |2 rdacontenido | ||
| 337 | |a computadora |b c |2 rdamedio | ||
| 338 | |a recurso en línea |b cr |2 rdasoporte | ||
| 506 | 1 | |a 3 licencias | |
| 649 | |a XX | ||
| 650 | |a Libros | ||
| 650 | |a Sociología - |x Publicaciones Periódicas | ||
| 650 | |a Sociología - |x Bibliografías - |x Tema Principal | ||
| 856 | 4 | 0 | |u https://ezproxy.iteso.mx/login?url=https://search.ebscohost.com/login.aspx?direct=true&scope=site&db=nlebk&db=nlabk&AN=13802 |y Ver documento en línea |
| 910 | |a Fondo General | ||
| 920 | |a Electrónicos - Libros en Línea | ||
| 930 | |a Plataforma Digital | ||
| 905 | |a 205 | ||
| 901 | |a 191988-1 |b IT2 |c EBO |i C50 |u 20250521 | ||
| 901 | |a 191988-2 |b IT2 |c EBO |i C50 |u 20250521 | ||
| 901 | |a 191988-3 |b IT2 |c EBO |i C50 |u 20250521 | ||
| 902 | |a https://opac.biblio.iteso.mx/vufind/Record/000191988 | ||